000 01146nam a22002657a 4500
005 20170124102939.0
010 _aB-051112
020 _c200.00
_a8185727902
035 _aB-051112
037 _bCen Lib/Ret
040 _aDPL
_bHN
082 _a372.6
_bभाटिया
100 _aभाटिया, कैलाशचन्द्र
_944174
245 _aआधुनिक भाषा शिक्षण /
_cकैलाशचन्द्र भाटिया
246 _aAdhunik bbhasha shikshan /
_bby Kailashchandra Bhatiya
260 _aनयी दिल्ली
_bतक्षिला प्रकाशन
_c2001
270 _a23/4761, अंसारी रोड, दरिया गंज
_bनयी दिल्ली
_e110002
300 _a160पृ.
_c21सेमी (सजिल्द)
500 _aपरिशिष्ट शामिल
650 _aशिक्षा
_zभारत
_947648
650 _aभाषा-शिक्षण
_93679
650 _aEducation
_zIndia
_98226
650 _alanguage Teaching
_945124
942 _2ddc
_cHN
_h372.6
_mभाटिया
999 _c112456
_d112456